000 00553nam a2200181Ia 4500
005 20250326142353.0
008 250326s9999 xx 000 0 und d
037 _aTextbook
040 _aFMSL
_beng
_cFMSL
041 _aeng
_2eng
084 _qFMSL
100 _aInida (govt. Of.............)
_9745920
245 0 _aReport on the second all-India census of small scale industrial units
_cInida (govt. Of.............)
260 _aNew Delhi
_bNew Delhi, Government of India
_c1992
300 _av
942 _cTB
999 _c1294701
_d1294701